000 00360nam a2200145Ia 4500
100 _aSavage/Norman/ Atthreya/N.H
650 _aGeneral
942 _cBK
654 _a100 tips
245 _aOver 100 tips and techniques to excel in exams
260 _bMMC School Of Management
_aMumbai
_c1997
082 _a371.3028
_bSAV
300 _a112
546 _aENGLISH
999 _c18336
_d18336